| 000 | 00534nam a22001697a 4500 | ||
|---|---|---|---|
| 005 | 20251108173100.0 | ||
| 008 | 250721s2006 xx 000 0 ara d | ||
| 082 | 1 | 4 | _a658.56/ درا |
| 100 | 1 | _aالدرادكة، مأمون سليمان | |
| 245 | 1 | 0 | _aإدارة الجودة الشاملة و خدمة العملاء / |
| 264 | 1 |
_aعمان : _bدار صفاء للنشر و التوزيع، _c2006. |
|
| 300 | _a304ص | ||
| 650 | 1 | 7 | _aالجودة |
| 650 | 1 | 7 | _aإدارة الأعمال |
| 942 |
_2ddc _cBK |
||
| 999 |
_c95619 _d95619 |
||